أتريب وأثارها

محفوظ في:

المؤلف الرئيسي: مصطفى الألفى.

التنسيق: كتاب

اللغة: Undetermined

منشور في: CAIRO : مطبعة الأخلاص, .

الوسوم: إضافة وسم

لا توجد وسوم, كن أول من يضع وسما على هذه التسجيلة!

رقم الطلب: (P)DT73 .A89 A35

LEADER 00355nam a2200121Ia 4500
008 240329s9999||||xx |||||||||||||| ||und||
050 4 |a (P)DT73 .A89 A35 
100 1 |a مصطفى الألفى. 
245 1 0 |a أتريب وأثارها  |c مصطفى الألفى 
264 1 |a CAIRO :  |b مطبعة الأخلاص,  |c . 
300 |a 28P  |c 26 CM 
942 |2 lcc  |c BK 
999 |c 57775  |d 57775